000 00256nam a22001217a 4500
008 170719b xxu||||| |||| 00| 0 eng d
041 _aeng
080 _a2
100 _a24
101 _aTEO
245 _aCHRISTIAN ETHICS
_cSTIVERS, R.L
942 _2udc
_cBK
999 _c21572
_d21572